000
00298nam a22001337a 4500
020
_a
81-89261-33-9
082
_a
574
_b
ARO/D
100
_a
ARORA, M.G
245
_a
DICTIONARY OF BIOLOGYDELHI
260
_a
DELHI
_b
K.S.PAPERBACKS
300
_a
434
650
_a
BIOLOGY REFERENCE
_z
INDIA
942
_c
BK
999
_c
1388
_d
1388